LEADER 01263nam a2200301 a 4500 001 000000128255 003 CaOOAMICUS 005 20120329102326.0 008 120329t2011 it d u000 u ita r 020 $a978-88-213-0810-9 040 $aPUL$bita 082 04$a344.45074 100 1 $aPellerey, Michele.$0(OLS)http://pul/name/81949 245 13$aIl sistema universitario italiano nel contesto europeo /$cMichele Pellerey. 260 $aRoma :$bLAS,$c2011. 300 $a144 p. :$bgrafici ;$c24 cm 490 1 $aItalia-Cina Educazione 650 4$aScienze dell'educazione.$0(OLS)http://pul/subject/10234 650 4$aUniversità$xLegislazione.$0(OLS)http://pul/subject/19744 830 0$aItalia-Cina Educazione.$0(OLS)http://pul/title/155266 850 $aPUL 852 $aPUL$W1$xSL Diritto e Scienze Sociali 3$y79$m344. 45074 PELMI 1$j148426$qDDC 21$B147034$CPULBib$Z2$F147034 $H118862 $82 941 1 $a9 996 $6020$a978-88-213-0810-9$9(OLS)http://pul/number/149349 996 $6082$a344.45074$9(OLS)http://pul/classification/2225 996 $6245$aIl sistema universitario italiano nel contesto europeo$9(OLS)http://pul/title/162065 996 $6260$aRoma :$bLAS$9(OLS)http://pul/publisher/48069 LEADER 01302nam a2200301 u 4500 001 000000021648 003 CaOOAMICUS 005 20070226111033.0 008 950316s1934 it u000 u ita u 035 $a10537744 040 $aPUL(R)$bita 100 1 $aOlgiati, Francesco,$csac.,$d1886-1962.$0(OLS)http://pul/name/10153 245 10$aCartesio /$cFrancesco Olgiati. 260 $aMilano :$bVita e pensiero,$c1934. 300 $axi, 329 p. ;$c26 cm 490 1 $aPubblicazioni della Università cattolica del Sacro Cuore.$aSerie 1, Scienze filosofiche ;$v20 504 $aBibliografia in nota. 600 14$aDescartes, René,$d1596-1650.$0(OLS)http://pul/subject/2595 830 0$aPubblicazioni della Università cattolica del Sacro Cuore.$nSerie 1,$pScienze filosofiche ;$v20.$0(OLS)http://pul/title/11551 850 $aPUL 852 $aPUL$W1$xDP1 Fondo Giannini$y60$m1554 F 12$j30418$nBK-PRI$b $qFondi$B30418$CPULBib$Z2$F30418 $81 852 $aPUL$W1$xDP2 Filosofia 1$y62$m83 B 1bis$j30419$nBK-PRI$b $qStampati$B30419$CPULBib$Z2$F30419 $81 941 1 $a8 941 1 $a1 960 $aCartesio,$d1596-1650$92595 961 $aINV: F.GIANNINI 996 $6245$aCartesio$9(OLS)http://pul/title/30287 996 $6260$aMilano :$bVita e pensiero$9(OLS)http://pul/publisher/48016